| 000 | 00343 a2200157 4500 | ||
|---|---|---|---|
| 001 | 14105 | ||
| 020 | _a9788508105373 | ||
| 040 | _cAnchieta - Aquarius | ||
| 100 | _aBetto | ||
| 240 | 1 | 0 |
_a=Alucinado som de tuba _lpor |
| 245 | 1 | 0 | _a=Alucinado som de tuba |
| 300 | _a117p | ||
| 362 | 0 | _a2006 | |
| 650 | 4 | _aLiteratura brasileira | |
| 942 | _cBK | ||
| 999 |
_c14105 _d14105 |
||